The Militarization of High Technology: (Record no. 63132)

000 -LEADER
fixed length control field 00512nam a22001817a 4500
003 - CONTROL NUMBER IDENTIFIER
control field NUST - PNEC
005 - DATE AND TIME OF LATEST TRANSACTION
control field 20170116180804.0
008 - FIXED-LENGTH DATA ELEMENTS--GENERAL INFORMATION
fixed length control field 150421b xxu||||| |||| 00| 0 eng d
020 ## - INTERNATIONAL STANDARD BOOK NUMBER
International Standard Book Number 088410947X
040 ## - CATALOGING SOURCE
Transcribing agency LIBRARY
082 ## - DEWEY DECIMAL CLASSIFICATION NUMBER
Classification number 338.436 JOH
100 ## - MAIN ENTRY--PERSONAL NAME
9 (RLIN) 2862
Personal name Tirman, John
245 ## - TITLE STATEMENT
Title The Militarization of High Technology:
Statement of responsibility, etc. The Militarization of High Technology:
260 ## - PUBLICATION, DISTRIBUTION, ETC.
Place of publication, distribution, etc. NewYork
Name of publisher, distributor, etc. Ballinger Pub Co
Date of publication, distribution, etc. c1984.
300 ## - PHYSICAL DESCRIPTION
Extent 247p. :
650 ## - SUBJECT ADDED ENTRY--TOPICAL TERM
9 (RLIN) 2864
Topical term or geographic name entry element United States
General subdivision General
942 ## - ADDED ENTRY ELEMENTS (KOHA)
Source of classification or shelving scheme
Koha item type Book
Holdings
Withdrawn status Lost status Source of classification or shelving scheme Damaged status Not for loan Permanent Location Current Location Shelving location Date acquired Source of acquisition Cost, normal purchase price Total Checkouts Full call number Barcode Date last seen Cost, replacement price Price effective from Koha item type
          Pakistan Navy Engineering College (PNEC) Pakistan Navy Engineering College (PNEC)   05/18/1986 Royal Book Company / Library / Reference Grant 255.00   338.436 JOH PNECLIB-010189 04/21/2015 255.00 05/18/1986 Book
© 2023 Central Library, National University of Sciences and Technology. All Rights Reserved.